[Event "CRO-ch playoff"]
[Site "Zagreb"]
[Date "2000.03.03"]
[Round "2"]
[White "Zaja, Ivan"]
[Black "Hulak, Krunoslav"]
[Result "1-0"]
[WhiteElo "2452"]
[BlackElo "2495"]
[Annotator "Golod,V"]
[PlyCount "105"]
[EventDate "2000.03.02"]
[EventType "match"]
[EventRounds "4"]
[EventCountry "CRO"]
[SourceTitle "CBM 076"]
[Source "ChessBase"]
[SourceDate "2000.05.31"]
[SourceVersion "1"]
[SourceVersionDate "2000.05.31"]
[SourceQuality "1"]

1. d4 Nf6 2. c4 e6 3. Nc3 Bb4 4. Qc2 c5 5. dxc5 O-O 6. a3 Bxc5 7. Nf3 $5 {
Another line is:} (7. Bf4 {See comments to Ostenstad,B-Hansen,S/Munkebo,1998/
CBM 67(1/2-1/2)(Golod,V)(26)}) 7... Nc6 ({Another options is:} 7... b6 $5 {
You can see comments to games: Shipov,S-Ivanchuk,V/Las Vegas,1999/CBM 72(0-1)
(Golod,V)(31) and Onischuk,A-Marin,M/Koszalin,1999/CBM 73 (1-0)(Golod,V)(48)})
8. Bg5 {It's main line,other alternatives are:8.Bf4!?; 8.e3;8.b4 and 8.g3} Be7
{Besides this move black has three options:} (8... Nd4 $5 {See comments to
Sokolov,I-Van der Sterren, P/Amsterdam,1999/CBM 73 (1/2-1/2)(Golod,V) (41) 
(Golod,V)}) (8... b6) ({and} 8... h6) 9. e3 {Besides,white has two principales
moves:} (9. Rd1) ({and} 9. e4) 9... b6 {Repeatedly was checked in the previous
games:9...d6;9...a6;9...h6 and 9...Qa5.} 10. Be2 ({Another possibility is:} 10.
Bd3) 10... Bb7 11. O-O Rc8 12. Rfd1 a6 $5 {[%csl Ya6,Rb5][%cal Ya6b5]} ({Badly:
} 12... Qc7 {in view of:} 13. Nb5 Qb8 14. Bxf6 Bxf6 15. Rxd7 Ne5 (15... Rfd8
$142) 16. Rxb7 Qxb7 17. Nd6 Nxf3+ 18. Bxf3 Qc7 19. Nxc8 Rxc8 20. Rc1 Qe5 21. b4
Qb2 22. c5 Qxa3 23. Rb1 $1 $16 {Hillarp Persson,T-Gunnarsson,J/ Copenhagen,
1997(1-0)(30)}) ({Also possibly:} 12... Ne8) (12... Ng4) ({and} 12... Na5 $5)
13. b3 $146 {/\Qb2,Rac1 and so on.} ({Probably a little bit better is:} 13.
Rac1 Na5 $5 (13... d6 14. b4 Nb8 $6 (14... Qc7 $5) 15. Bf4 Nh5 16. Ng5 Nf6 (
16... Bxg5 $2 17. Bxd6 $18 {[%csl Rf8,Rh5]}) 17. Nce4 $14 {Michaelsen,
N-Schlosser,P/Germany,1994 (0-1)(52)}) 14. Nd2 Ne8 15. Bxe7 Qxe7 16. b4 Nc6 17.
Na4 Qd8 18. Qb2 Rb8 19. Nb3 Nf6 20. Bf3 $14 {Azadharf,F-Spassov,L/Hamburg,1981
(1/2-1/2)(50)}) 13... Qc7 14. Qb2 ({Impossibly:} 14. Nd5 $4 exd5 15. cxd5 {
because of:} Nd4 $1 16. Qxc7 (16. Nxd4 Qxc2 17. Nxc2 Rxc2 $19) 16... Nxe2+ 17.
Kf1 Rxc7 18. d6 Bxd6 19. Rxd6 Ne4 20. Rxb6 Nxg5 21. Nxg5 Nc3 $19) 14... d6 $11
15. Rac1 {[%cal Gc3d5]} Nb8 $5 {Typical manoeuvre.Black's idea is:Nbd7, Qb8-a8
and so on.Probably this manoeuvre better,than:} (15... Qb8) 16. Nd2 {[%cal
Ge2f3]} Rfe8 ({In my opinion more logically:} 16... Nbd7 {/\Qb8} 17. Nde4 (17.
Bf3 $5) 17... h6 18. Nxf6+ (18. Bh4 $6 Bxe4 19. Nxe4 g5 20. Nxg5 hxg5 21. Bxg5
Rfe8 $15) 18... Nxf6 19. Bf4 Rfd8 $11) 17. Bf3 Bxf3 18. Nxf3 {+/=/=} h6 19. Bh4
({Dubious:} 19. Bf4 {because of:} Nh5 {[%csl Rf4]}) 19... Nbd7 20. Nd4 ({After:
} 20. e4 {strongly:} Ne5 $1 21. Nxe5 (21. Qe2 Ng6 22. Bg3 Nh5 {=/=/+}) 21...
dxe5 $13 {[%csl Rd4]}) 20... Qb8 $5 {[%cal Ge7d8,Gd8c7] Again typical
manoeuvre.} ({It deserves attention:} 20... Qb7 $5 {/\21...d5}) 21. f3 (21. e4
$2 {is refuted by:} Nxe4 $1 22. Bxe7 (22. Nxe4 Bxh4 $17) 22... Nxc3 23. Rxc3
Rxe7 $17) ({Pretty dubious:} 21. Qe2 {because of:} d5 $1 {[%csl Ra3]}) ({
Probably could be recomended:} 21. h3 Bd8 $140 22. Qe2 {+/=/=}) 21... Bd8 22.
Bg3 Bc7 {[%csl Yb8,Yc7]} 23. Nc6 ({Weakly:} 23. e4 {in view of:} Nh5 24. Bf2
$140 $2 d5 $36 {[%csl Rh2]}) 23... Qb7 24. Nb4 {[%csl Rd6]} Ne5 25. Nd3 ({
Another alternative is:} 25. Bxe5 dxe5 {with approximately equal position.})
25... Ng6 ({Is a possible continuation of the play:} 25... Nxd3 26. Rxd3 d5 $11
) 26. Nf2 {[%csl Rd6][%cal Gf2e4]} Red8 27. Nfe4 Ne8 $5 $11 {[%cal Gb6b5]} ({
Also equality after:} 27... Nxe4 28. Nxe4 d5 29. Bxc7 Rxc7 $11) 28. a4 {
[%csl Ya4,Yc4][%cal Ya4b5,Yc4b5]} Bb8 29. Qa3 (29. Qd2 $5) 29... d5 $1 30. cxd5
exd5 31. Nf2 ({White has a slight better tactical alternative:} 31. Nxd5 $5
Rxc1 (31... Bxg3 32. Rxc8 Bxh2+ 33. Kxh2 Qxc8 $11) 32. Qxc1 Rxd5 (32... Bxg3 $4
33. Ndf6+ {[%csl Rd8]}) 33. Rxd5 Qxd5 (33... Bxg3 $2 34. Rd8 Qe7 35. Rxe8+ Qxe8
36. Nxg3 $16) 34. Bxb8 Qxb3 $11) 31... Bxg3 32. hxg3 Nf6 (32... Ne7 {[%csl Re3,
Rg3][%cal Ge7f5] From my point it's best decision!} 33. g4 $140 Rc7 {[%cal
Gd8c8] =/=/+}) 33. Ne2 {[%csl Ye2][%cal Ye2d4]} Re8 $11 {[%csl Re3]} 34. Rd3 h5
({More safely:} 34... Ne5) 35. Rdc3 Rxc3 $1 36. Rxc3 $140 d4 {[%csl Re2,Ge8]
Differently,after:} (36... Rc8 37. Qc1 {white has a positional advantage.} (37.
Qd6 $5)) 37. Nxd4 $8 Nd5 38. Rc1 Nxe3 (38... Rxe3 $6 {leads white to better
position,after:} 39. Qd6 Re8 40. Ne4 $36) 39. Qd6 h4 40. Re1 Qc8 41. Ne4 Ne5 $2
{Mistaken sacrifice.Probably black blundered because he didn't see 45.Kd2 or
black are in zeitnot.} (41... Rd8 $2 42. Qxb6) ({It is necessary:} 41... Qd8
42. Qxd8 (42. Qc6 $6 Ne5) 42... Rxd8 43. Rxe3 Rxd4 44. gxh4 Nxh4 $11) 42. Rxe3
Qc1+ 43. Kf2 hxg3+ 44. Ke2 $8 ({After:} 44. Nxg3 $4 {white gets mate in 2
moves:} Nd3+ 45. Rxd3 (45. Ke2 Rxe3#) 45... Qe1#) (44. Kxg3 $4 Qxe3 $19) 44...
Qg1 {[%csl Rg2]} 45. Kd2 $1 $18 Qxg2+ 46. Ne2 ({Much worse is:} 46. Re2 Qh3 47.
Ng5 Qh4 48. Nde6 {[%csl Re5]} Ng6 $13) 46... Nxf3+ 47. Kc3 {[%csl Ge3,Re8]
[%cal Ge4f6]} Rc8+ 48. Kb2 Qf1 ({Loses:} 48... Ng1 {because of:} 49. Nf6+ $1 {
[%csl Rg2,Rg8][%cal Ge3g3]} Kh8 50. Qe5 $1 {[%csl Rh8][%cal Ge5h5,Ge5e8]} gxf6
51. Qh5+ Kg8 52. Rxg3+) 49. Qxg3 {[%csl Rg8]} Ne1 50. Nf4 $1 $40 {[%csl Rg8]}
Nc2 ({Senselessly:} 50... Rc2+ 51. Ka3 {[%csl Re1,Rg8][%cal Ge4f6]}) 51. Nf6+ {
Please pay your attention to the rough work of the white knight.} Kf8 (51...
Kh8 52. Qh4#) 52. Ng6+ fxg6 53. Qd6+ (53. Qd6+ Kf7 54. Qe7#) 1-0

[Event "FIDE-Wch k.o."]
[Site "New Delhi/Teheran"]
[Date "2000.11.27"]
[Round "1.1"]
[White "Agrest, Evgenij"]
[Black "Onischuk, Alexander"]
[Result "0-1"]
[WhiteElo "2554"]
[BlackElo "2627"]
[Annotator "Golod,V"]
[PlyCount "76"]
[EventDate "2000.11.27"]
[EventType "k.o."]
[EventRounds "7"]
[EventCountry "IND"]
[SourceTitle "CBM 080"]
[Source "ChessBase"]
[SourceDate "2001.01.25"]
[SourceVersion "1"]
[SourceVersionDate "2001.01.25"]
[SourceQuality "1"]

1. d4 Nf6 2. c4 e6 3. Nc3 Bb4 4. Qc2 c5 5. dxc5 O-O 6. a3 Bxc5 7. Nf3 b6 {
From 7...b6 to 9.Bg3 of this game, you can find in annotations to game:
Gurevich,M-Gulko,B/New York,1998/CBM 64(1-0)(Gurevich,M)(44)} 8. Bf4 Nh5 9. Bg3
$5 {Besides,was checked in the previous games:} (9. Bg5 $5 {See comments to
Gurevich,M-Gulko,B/New York,1998/CBM 64(1-0)(Gurevich,M) (44)}) ({and} 9. Bd2
$5 f5 10. e4 $5 (10. b4 $5) (10. e3 $143 Bb7 11. Be2 Nf6 12. O-O Nc6 $11 {
Dietz,H-Knoedler,D/Giengen,1987(1/2-1/2) (36)}) 10... Bb7 11. Bd3 g6 $5 12. b4
Be7 13. O-O {+/=/= Golod,V-Janssen,R/Dieren,1999(1/2-1/2) (21)}) 9... Bb7 $5 {
In my opinion,this move slightly better than:} (9... f5 {[%csl Rd6,Re5] You
can see comments to games: Ionov,S-Janssen,R/Wijk aan Zee,1999/CBM 69 (1-0)
(Golod,V)(34) and Karpov,A-Gelfand,B/Monaco,2000/CBM 76(0-1)(Golod,V)(53)}) 10.
e3 $146 ({Also nor leads to advantage of white:} 10. Rd1 h6 11. e4 Be7 12. e5
a6 13. Bd3 Qc7 $11 {Brenninkmeijer,J-Barsov,A/Breda,1999 (0-1)(48)}) 10... Bxf3
$1 {[%mdl 32] From my point of view,it is a correct positional step.} 11. gxf3
$140 f5 $11 {[%csl Yd7,Ye6,Yf5,Rg3]} 12. f4 {I am not sure in correctness of a
choice.There are three alternatives:} (12. Bd3 $5 {[%csl Gc2,Gd3,Rh7]}) (12.
O-O-O) ({and} 12. Rd1) 12... Nc6 13. Be2 Nf6 ({Certainly,illogically:} 13...
Nxg3 $2 14. hxg3 $14) 14. Bh4 Be7 {Black's bishop already has executed the
work on point "c5".} 15. O-O-O Rc8 {[%csl Rc1,Gc8]} 16. Kb1 Ne8 {Again it's
correct positional step.} 17. Bxe7 Qxe7 18. Rd2 ({After:} 18. h4 {[%cal Gh4h5]
very unpleasantly for white:} Na5 {[%csl Rc4][%cal Ge8d6]}) 18... Qh4 $5 (18...
Nf6 {-this way, leads to more simple game:} 19. Rhd1 Rfd8 $11) 19. Rxd7 ({
Is a possibe continuation of the play:} 19. Bf3) 19... Qxf2 20. Qc1 $6 ({
Leads to approximately equal position.} 20. Rd3 e5 21. Bd1 Qh4 22. Qd2 $11)
20... Nf6 21. Rd6 Na5 $1 ({Dubious:} 21... Rfd8 {in view of:} 22. Rxd8+ (22.
Rxe6 $6 Kf7 23. Rf1 Qh4 (23... Qxh2 $2 24. Rh1 {[%csl Rh2]} Qg2 25. Rg1 Qf2 $11
(25... Qxg1 $4 26. Rxf6+ Kxf6 27. Qxg1 $18)) 24. Re5 Nxe5 25. fxe5 Ne4 26.
Rxf5+ Kg8 27. Rf4 Nxc3+ 28. Qxc3 Qxh2 $15) 22... Rxd8 23. Qg1 Qxg1+ 24. Rxg1
$11) 22. Rxe6 Nxc4 $15 23. Ka2 Kf7 $6 {Apparently both contenders did not
see-24.Qc2!?(an interesting idea which was mentioned by Frits 6)} ({It
deserves attention:} 23... Rfd8 $5 24. Qg1 Ng4 $1 $15) 24. Rxf6+ $5 {[%mdl 64]
It is heavy to tell or it better than:} (24. Qc2 $5 {[%csl Gc2,Rf2,Rf7][%cal
Ge2h5,Ge2c4,Gc2f5]} g6 $8 (24... Kg8 $4 25. Rxf6 $18 {[%csl Rf2][%cal Ge2c4]})
25. Rxb6 $1 {[%csl Rf2] Only so.} (25. Rxf6+ $2 Kxf6 26. Nd5+ Kg7 $1 27. Qc3+
Kh6 28. Bxc4 b5 29. e4 Rxc4 30. Qh3+ Kg7 31. exf5 Rc2 32. Qb3 gxf5 $17 (32...
Rxf5 $2 33. Ne3 {[%csl Rc2,Rf5]})) 25... Kg7 (25... Nxb6 $2 26. Bc4+ Nxc4 27.
Qxf2 $16) 26. Rb7+ Kh8 $13) 24... gxf6 $8 (24... Kxf6 $4 25. Bxc4 Rxc4 $140 26.
Nd5+) 25. Qc2 $2 {After this mistake practically it is impossible to correct a
situation.} ({It was necessary:} 25. Rf1 $1 Qg2 (25... Qh4 $4 26. Nb5 $18 {
[%csl Gb5,Rc4,Rf7]}) (25... Qxh2 $6 26. Rh1 Qg2 27. Rxh7+ Kg8 28. Rh1 $36 {
[%csl Rg2,Rg8][%cal Gh1g1]}) 26. Rg1 Qc6 27. Bh5+ Ke6 28. Ne2 Kd6 29. Nd4 Qd5
$13) 25... Kg7 $17 {[%csl Yh8][%cal Yg7h8]} 26. Qxf5 Kh8 27. Bxc4 ({Also white
has a big advantage in the following variant:} 27. Rf1 Qxe3 28. Bd3 Rc7 29. Nd5
Qd4 {[%csl Rb2]}) 27... Rxc4 28. Nd5 Rc5 29. e4 Qd4 {[%csl Ra2][%cal Gc5c2]
The queen at the centre occupies an ideal position.} 30. Qe6 Rc2 31. Rb1 Rxh2
32. Ne7 $2 {Decisive mistake.} ({More stubborn resistance after:} 32. Qe7 $5
Qc5 33. Qe6 $17 Rc2 $140 34. Nxf6 Qc4+ 35. Qxc4 Rxc4 {[%csl Re4,Rf4]} 36. e5
Rxf4 37. Rh1 (37. Rc1 {[%csl Rh8][%cal Gc1c7,Gc7h7]} R8xf6 38. exf6 Rxf6 39. b4
$17) 37... Rf7 38. Rg1 R4xf6 (38... Rg7 $4 39. Rxg7 Kxg7 40. Nh5+) (38... Rf8
39. Rh1) 39. exf6 Rxf6 $17) 32... Re2 $19 {[%csl Re4]} 33. e5 fxe5 34. f5 Rh2 {
[%csl Yh2][%cal Yh2h7] The accuracy is necessary up to the end} 35. Nc6 Qf4 36.
Rf1 Rh6 $1 37. Rxf4 (37. Qe7 $2 Qc4+ {[%csl Ra2,Rf1]} 38. b3 Rh2+) (37. Qxe5+
Qxe5 38. Nxe5 Rh5 $19) 37... Rxe6 38. fxe6 exf4 0-1

[Event "Leonid Stein Memorial-B"]
[Site "Lvov"]
[Date "2000.05.20"]
[Round "8"]
[White "Atalik, Suat"]
[Black "Taimanov, Mark E"]
[Result "1/2-1/2"]
[WhiteElo "2575"]
[BlackElo "2402"]
[Annotator "Golod,V"]
[PlyCount "115"]
[EventDate "2000.05.12"]
[EventType "tourn"]
[EventRounds "10"]
[EventCountry "UKR"]
[EventCategory "10"]
[SourceTitle "CBM 077"]
[Source "ChessBase"]
[SourceDate "2000.07.27"]
[SourceVersion "1"]
[SourceVersionDate "2000.07.27"]
[SourceQuality "1"]

1. d4 Nf6 2. c4 e6 3. Nc3 Bb4 4. Qc2 c5 5. dxc5 O-O 6. a3 $5 {Other
alternatives are:6.Bg5;6.Nf3;6.Bd2 and 6.Bf4.} Bxc5 7. Nf3 $5 (7. Bf4 $5 {
See comments to Ostenstad,B-Hansen,S/Munkebo,1998/CBM 67(1/2-1/2)(Golod,V)(26)}
) 7... Be7 {Besides black has two principales moves:} (7... Nc6 {See comments
to Zaja,I-Hulak,K/Zagreb, 2000/CBM 76(1-0)(Golod,V)(53)}) ({and} 7... b6 {
It's main line.You can see comments to Karpov,A-Gelfand,B/Monaco,2000/CBM 76
(0-1)(Golod,V)(53)}) 8. Bf4 Nh5 $5 ({Other alternatives are:} 8... d5 9. cxd5
Nxd5 10. Nxd5 Qxd5 11. Rc1 Nc6 12. e4 Qa5+ 13. Bd2 Qb6 14. Bc3 Bd7 15. Bd3 Rfd8
16. e5 h6 17. Qe2 Be8 18. h4 $14 {Bykhovsky,A-Anikaev,Y/URS,1984(1-0)(41)}) (
8... a6 9. e4 Nc6 10. e5 Nh5 11. Be3 f5 12. exf6 Nxf6 13. Bd3 Qa5 14. O-O Qh5
$14 {Tomaszewski,R-Barbulescu,D/Naleczow, 1988(0-1)(56)}) (8... b6 9. e4 Bb7
10. Bd3 d6 11. Rd1 Nbd7 12. Qe2 a6 13. O-O Qc7 14. Bb1 Rac8 15. Ba2 Ne5 16. Nd2
Rfe8 $132 {Hauchard,A-Tiviakov,S/Oakham,1992(0-1) (48)}) 9. Bd2 Nc6 $146 ({
Was checked in the previous games:} 9... a6 $5 10. e3 (10. g4 $5 Nf6 11. g5 Ne8
12. h4 d5 13. Bg2 Nc6 14. h5 f5 15. O-O-O d4 16. Bf4 Bd6 17. Bxd6 Nxd6 $132 {
Dao Thien Hai-Vadasz,L/Budapest,1997 (0-1)(42)}) 10... Nf6 11. Bd3 d6 12. O-O
Nbd7 13. b4 b6 14. h3 (14. e4 $5 {with standard position.}) 14... Bb7 15. e4
Qc7 16. Rfe1 Rac8 17. Rac1 $132 {Dzhandzhava,L-Chachere,L/Geneva,1991 (1-0)(95)
}) ({and} 9... d6 10. e4 Re8 11. Be2 a6 12. O-O Qc7 13. Rac1 Nd7 14. b4 $14 {
Hoang Than Trang-Rodriguez Lopez,R/ Budapest,1998(1/2-1/2)(34)}) 10. g4 $5 $132
{We saw this idea of Dao Thien Hai in his game against Vadasz.This idea is
interesting ,not standard, but not dangerous for black.} ({Probably,normal:} 
10. e4 {is better.}) 10... Nf6 11. g5 Ng4 {[%cal Gg4e5]} ({Also} 11... Ne8 {
was quite good, like in noted game Dao Thien Hai-Vadasz.} 12. O-O-O $132 (12.
h4 $5 $36)) 12. Rg1 Nge5 13. Nxe5 Nxe5 14. Qe4 $1 d6 15. f4 {Position is far
from to be standard.} Nd7 16. e3 {[%csl Rh7][%cal Gf1d3,Gd3h7]} Nc5 17. Qc2 a5
{[%csl Yc5]} (17... f5 18. gxf6 Bxf6 19. b4 (19. O-O-O a5 20. Bd3 Nxd3+ 21.
Qxd3 Ra6 22. Ne4 $14) 19... Bh4+ 20. Kd1 Nd7 21. Bd3 Nf6 22. Ne4 Nxe4 23. Bxe4
h6 24. Bc3 Bf6 $14) 18. Bd3 {Black knigh is very strong, so white agree to
change Nc5 for Bf1.} Nxd3+ 19. Qxd3 $132 Bd7 20. Ne4 Bc6 21. Bc3 {[%csl Gg1,
Rg8][%cal Ge4f6,Gd3d4,Gc3g7]} Bxe4 ({It deserves attention:} 21... Kh8 $5 22.
Ng3 {[%csl Rg7][%cal Gg3h5]} Rg8 23. Rd1 d5 24. cxd5 Qxd5 $11) 22. Qd4 $1 {
After this intermediate strong move black forced to play e6-e5.} (22. Qxe4 Qb6
$132) 22... e5 ({Another possibility is:} 22... f6 $5 23. Qxe4 Qd7 24. g6 h6
25. f5 $5 (25. O-O-O Rfc8 (25... f5 $2 26. Qd4 Bf6 27. Qxd6 Qxd6 28. Rxd6 $16)
26. f5 exf5 27. Qd5+ Kh8 28. Rgf1 $44) (25. Rd1 f5 26. Qd4 Bh4+ 27. Ke2 Rfd8
$132) 25... exf5 26. Qd5+ Kh8 27. Rf1 (27. O-O-O $5) 27... Rfc8 28. Rd1 $14 {
[%csl Gg6,Rh8]}) 23. Qxe4 $14 ({Impossibly:} 23. fxe5 $4 {because of:} d5 $1
$19) 23... Re8 24. O-O-O (24. Rd1 $6 exf4 {[%csl Re1]} 25. Qxf4 Bf8 $132) 24...
exf4 25. Qxf4 (25. Qd4 $1 {One more intermediate move on the same square!} Bf8
26. exf4 $14 {[%csl Rd6]}) (25. exf4 $2 Bf6 $1 26. Qxe8+ (26. Qd3 Bxc3 27. Qxc3
b5 $15 {[%csl Rc1]}) 26... Qxe8 27. gxf6 g6 28. Rge1 Qc6 29. Rd4 Re8 $15) 25...
Qc8 26. Rd5 Qe6 {[%csl Rc4,Re3]} 27. a4 $1 {Fixing PP on the queenside.} (27.
Qd4 $6 Bf8 {[%csl Rd6,Re3,Yf8,Rg7][%cal Yf8d6,Yf8g7]} 28. Re1 (28. Rg3 Rac8 29.
a4 Rc5 $11) 28... Rac8 $5 29. e4 (29. Rxa5 $2 Rxc4) (29. Bxa5 $2 b5 $1) 29...
a4 $11) 27... Bf8 28. Rg3 Rac8 29. Qg4 (29. Qd4 Rc5 $11) 29... Qxg4 30. Rxg4
Rxe3 31. Rxa5 Rh3 {[%mdl 256]} ({Much worse is:} 31... Re2 32. h4 Rce8 33. Ra7
R8e7 34. a5 Rh2 35. Kb1 $1 $16 {[%csl Rg8][%cal Yb1a2]}) 32. Ra7 Rb8 33. Rg2 h6
$1 {Black releasing Bf8 ang Kg8.} 34. gxh6 g6 (34... Rxh6 $143 {[%csl Rf8]} 35.
a5 $14) 35. h7+ Kxh7 36. Re2 (36. a5 Bh6+ {[%cal Gh6f4]} 37. Bd2 Bg7 38. a6
bxa6 39. Rxf7 Kg8 $11 {[%csl Rb2,Rf7]}) 36... Bh6+ 37. Bd2 Rc8 (37... Bg7 38.
Re7 Rb3 39. Rxf7 Kg8 40. Rxg7+ Kxg7 41. Bc3+ Kh6 42. Kc2 (42. a5 $2 {[%csl Rb3]
[%cal Gc1c2]} d5 43. cxd5 Rd8 44. Kc2 Rb5 $17) 42... Rb6 43. b4 Rc6 44. Kd3 $44
) 38. Rxb7 Rxc4+ 39. Kb1 Bxd2 40. Rxd2 Rxa4 41. Rxf7+ Kh6 {It was possible
here to agree - half of point to each chessplayer.} 42. Rf6 d5 43. Rg2 Kh7 44.
Rfxg6 Rxh2 $1 {Mark Taimanov plays endgames very well!} 45. Rg7+ Kh8 46. Rg8+
Kh7 47. R2g7+ Kh6 48. Rg4 Kh7 $1 (48... Rxg4 $6 49. Rxg4 $14) 49. R4g7+ Kh6 50.
Rg2 Kh7 $1 (50... Rxg2 $6 51. Rxg2 $14) 51. Rxh2+ Kxg8 52. Rf2 Ra7 53. Rf5 Rd7
54. Kc2 Kg7 55. b4 Kg6 56. Rf1 Rf7 $1 {[%mdl 256]} 57. Re1 Kf6 58. Kd3 (58. Kd3
Re7 59. Rf1+ (59. Rxe7 Kxe7 $11) 59... Ke5 $11) 1/2-1/2